| 000 | 00435nam a2200181Ia 4500 | ||
|---|---|---|---|
| 008 | 240925s9999 xx 000 0 und d | ||
| 020 | _aNA | ||
| 082 | _a808.87 KAY | ||
| 100 | _aKayani, M.R | ||
| 245 | 0 | _aAk Judge Hans Bhi Sakta Hay | |
| 250 | _aNA | ||
| 260 |
_aKarachi: _bSadiq print _c,1993. |
||
| 300 |
_a327p. _bNA _fOriginal |
||
| 500 | _aNA | ||
| 600 | _aHumanities & Natural Science | ||
| 650 | _aLiterature | ||
| 942 | _cBK | ||
| 999 |
_c2938 _d2938 |
||